| 000 | 00564nam a2200145Ia 4500 | ||
|---|---|---|---|
| 008 | 220214s9999 xx 000 0 und d | ||
| 022 | _a0019-5103 | ||
| 245 | 0 | _aINDIAN JOURNAL OF CHEMISTRY | |
| 246 | _aIndian Journal of Chemistry Section A : Inorganic, Physical, Theoretical and Analytical and Indian Journal of Chemistry Section B : Organic including medicinal | ||
| 260 |
_bCouncil of Scientific and Industrial Research, New Delhi _aIndia |
||
| 310 | _aM | ||
| 500 | _aEnding Volume & Year: 13, 1975 | ||
| 500 | _aStarting Volume & Year: 1, 1963 | ||
| 942 | _cBJ | ||
| 999 |
_c1443 _d1443 |
||